Word Scramble Sportswear Brands - Statistics

General Stats
  • This quiz has been taken 103 times
  • The average score is 8 of 20
Answer Stats
# Brand % Correct
diadsa Adidas
100%
kine Nike
99%
mapu Puma
92%
apg Gap
88%
boreke Reebok
74%
lifa Fila
71%
iwsss-k K-Swiss
46%
oseped Speedo
39%
mrnur oaderu Under Armour
37%
cissa Asics
33%
vseconre Converse
32%
bce ewalnan New Balance
26%
romub Umbro
17%
jda iarnor Air Jordan
16%
zgerslean Slazenger
9%
chporeni pwaramsots Champion Sportswear
5%
onher Rhone
5%
beyma Meyba
1%
odt uenathsn Ten Thousand
1%
soyem Eysom
0%
No matching quizzes found
Score Distribution
Percent of People with Each Score
Percentile by Number Answered
Your Score History
You have not taken this quiz